MARC

LEADER 00000cam a2200000 7i4500
001 0000019063
005 20070828.0
022 0 |a 15111474 
040 |a INS 
090 0 0 |a HD890.6.Z63.   |b MAR 2006 
110 1 |a Malaysia   |c Kementerian Kewangan   |c Jabatan Penilaian dan Perkhidmatan Harta 
245 1 0 |a Laporan pasaran harta 2006   |c Jabatan Penilaian Dan Perkhidmatan Harta, Kementerian Kewangan Malaysia 
260 |a Putrajaya :   |b Jabatan Penilaian Dan Perkhidmatan Harta ,   |c 2006 
300 |a XXVIII, 111 p. ;   |c 27 cm + 1 CD. 
650 0 0 |a Real estate business   |x Periodicals   |z Malaysia 
650 0 0 |a Real property   |x Prices   |y Periodicals   |z Malaysia 
856 |u http://app.inspen.gov.my:7779/pls/portal/docs/PAGE/CORPORATEPAGES/PORTAL_INSPEN/LAPORAN_PASARAN_HARTA/BB)%20LAPORAN%20PASARAN%20HARTA%202006%20(I).PDF 
856 |u http://app.inspen.gov.my:7779/pls/portal/docs/PAGE/CORPORATEPAGES/PORTAL_INSPEN/LAPORAN_PASARAN_HARTA/BC)%20LAPORAN%20PASARAN%20HARTA%202006%20(II).PDF 
999 |a 0000018521   |b BOOK   |c Open Shelf   |e Default branch 
999 |a 0000018574   |b BOOK   |c Open Shelf   |e Default branch 
999 |a SER0007528   |b BOOK   |c Open Shelf   |e Default branch 
999 |a SER0007550   |b BOOK   |c Open Shelf   |e Default branch